00297nam a2200121Ia 4500008004100000041000800041082001400049100001900063245002600082260003300108300002900141365000500170240624s9999 xx 000 0 und d aeng a153.9 GAR aGARDNER HOWARD aINTELLIGENCE REFRAMED c1999aNew DelhibBasic Books ax, : 292 : p. : cm. ; 20 c